Т. 77, вып. 7; Успехи химии

Podrobná bibliografie
Parent link:Успехи химии: обзорный журнал по химии/ Российская академия наук (РАН). Т. 77, вып. 7.— , 1932-.— 0042-1308
Jazyk:ruština
Vydáno: 2008
Médium: Kniha
KOHA link:https://koha.lib.tpu.ru/cgi-bin/koha/opac-detail.pl?biblionumber=437633

MARC

LEADER 00000nam2a2200000 4500
001 437633
005 20231101080635.0
035 |a (RuTPU)RU\TPU\prd\98803 
035 |a RU\TPU\prd\60178 
090 |a 437633 
100 |a 20110208a19329999k y0rusy50 ca 
101 0 |a rus 
102 |a RU 
200 0 |a Т. 77, вып. 7 
210 |d 2008 
461 1 |0 (RuTPU)RU\TPU\prd\400  |x 0042-1308  |t Успехи химии  |o обзорный журнал по химии  |f Российская академия наук (РАН)  |v Т. 77, вып. 7  |d 1932- 
801 0 |a RU  |b 63413507  |c 20010227  |g PSBO 
801 1 |a RU  |b 63413507  |c 20081028  |g PSBO 
801 2 |a RU  |b 63413507  |c 20201119  |g PSBO 
942 |c BK 
999 |a НТБ_ТПУ  |b НФ  |e -8/20100111  |p П-3041  |s 1/20080414  |u 640,81  |v 1